Culture Générale - Série 235 - Statistiques

Statistiques générales
  • Ce quiz a été pris 287 fois
  • Le résultat moyen est 6 sur 10
Statistiques - réponses
Question Réponse % Correct
Dans quel domaine emploie-t-on un signe appelé bémol ? La musique
96%
Dans quel pays les voitures portant la lettre D sont-elles immatriculées ? L'Allemagne
95%
De quel verbe "croissez" est-il une forme impérative ? Croître
90%
De quel pays Addis-Abeba est-elle la capitale ? L'Ethiopie
75%
A Londres, qu'appelle-t-on les bobbies ? Les policiers
60%
Qui chante qu'il n'est "jamais content" en 1977 ? Alain Souchon
45%
Dans quel sport le Français Francis Joyon s'illustre-t-il ? La voile
40%
De quel instrument joue l'enfant chanté par Nana Mouskouri en 1965 ? Du tambour
33%
Qui chante "Blue Eyes" en 1982 ? Elton John
19%
Dans quel titre Dalida chante-t-elle : "L'oiseau qui s'enfuit vient..." ? J'attendrai
9%
Aucun quiz correspondant
Distribution des résultats
% des personnes avec chaque résultat
Percentile par nombre de réponses
Votre historique - résultats
Vous n’avez pas pris ce quiz